000 00855nam a22001937a 4500
003 OSt
005 20240619112314.0
008 240619b ||||| |||| 00| 0 eng d
040 _cAIMIT LIBRARY
100 _aRao, Sharanya S.
_e2116159
_9171198
245 _aEnsuring financial performance through optimized inventory management in ams /
_cBy Sharanya S Rao ; Guided by Dhananjaya K.
260 _aBengaluru ;
_c2023.
650 _aIndustry profile company profile and introduction to study
_9171199
650 _aResearch methodology
_9171200
650 _aData analysis and interpretation
_9171201
700 _aK Dhananjaya.
_eGuide
_9171202
856 _3ACE manufacturing systems limited
942 _2ddc
_cPRO
999 _c231232
_d231232